000 00891cam a22002651 4500
001 sa 64008204
003 DLC
005 20260227112053.0
008 861121s1963 ii 000 0 eng
010 _asa 64008204
025 _aPL480:I-E-3015
035 _a(OCoLC)14813236
040 _aDLC
_cWaU
_dWaU
_dOCoLC
_dDLC
042 _apremarc
050 0 0 _aHC547.S4
_bI5
110 1 _aIndia.
_bDirectorate of Commercial Publicity.
245 1 0 _aSenegal, Upper Volta, and Ivory Coast,
_ba report on economic and commercial conditions.
260 _aNew Delhi
_c[1963]
300 _a41 p.
_c24 cm.
490 1 _aIts Economic and commercial reports
651 0 _aSenegal
_xEconomic conditions.
651 0 _aBurkina Faso
_xEconomic conditions.
651 0 _aCôte d'Ivoire
_xEconomic conditions.
810 1 _aIndia.
_bDirectorate of Commercial Publicity.
_tEconomic and commercial reports.
999 _c60746
_d60746